000 00587nam a2200169Ia 4500
008 090122s9999 xx 000 0 und d
082 _b814
_aQ:7(m)
100 _aवैद्य
_bश्री
_c
245 _aसाधुसंताचा देवयान पंथ
260 _bतुकाराम बुक डेपो
_c1988
300 _a223
600 _aवैद्य
630 _aसाधुसंताचा देवयान पंथ
700 _aवैद्य
730 _aसाधुसंताचा देवयान पंथ
942 _cBOOK
999 _c24892
_d24892